| 000 | 00607 a2200253 4500 | ||
|---|---|---|---|
| 260 | _aParis | ||
| 630 | _a657 - Comptabilité | ||
| 037 | _b1, Achat | ||
| 650 | _a6 - SCIENCES APPLIQUEES | ||
| 100 | _aRaimbault, Guy | ||
| 260 | _bEditions Eyrolles | ||
| 245 | _aComptabilité analytique et gestion prévisionnelle : outils de gestion | ||
| 300 | _a179 p. | ||
| 650 | _aComptabilité | ||
| 650 | _aAnalyse financière | ||
| 260 | _c1992 | ||
| 300 | _b24cm | ||
| 100 | _lFr | ||
| 037 | _aS 4916 | ||
| 250 | _a2e éd. mise à jour | ||
| 020 | _a2-212-03824-0 | ||
| 999 |
_c42125 _d42125 |
||